Statistics for Best Countries For Eating

Click here to take the quiz!

General Stats

  • This quiz has been taken 99 times
  • The average score is 15 of 19

Answer Stats

RankCountry% Correct
2France
96%
8Italy
96%
13Spain
94%
13United Kingdom
89%
13Germany
86%
13Norway
86%
4Sweden
86%
4Denmark
82%
13Finland
82%
8Australia
80%
8Portugal
80%
2Switzerland
77%
1Netherlands
76%
4Austria
75%
4Belgium
73%
13Greece
70%
8Ireland
68%
8Luxembourg
47%
13Cyprus
19%

Score Distribution

Percentile by Number Answered

Percent of People with Each Score

Your Score History

You have not taken this quiz